Infáncia i família a Nicaragua
Gardado en:
| Autor Principal: | |
|---|---|
| Formato: | Texto |
| Publicado: |
Girona:
Universitat de Girona. Departament de Pedagogia. Estudis d'Educació Social
|
| Materias: | |
| Etiquetas: |
Engadir etiqueta
Sen Etiquetas, Sexa o primeiro en etiquetar este rexistro!
|
MARC
| LEADER | 00000 a a2200000 04500 | ||
|---|---|---|---|
| 001 | 11194 | ||
| 003 | |||
| 040 | |||
| 090 | |a 138700 | ||
| 100 | |a Vigo, Inés | ||
| 245 | |a Infáncia i família a Nicaragua | ||
| 260 | |a Girona: |b Universitat de Girona. Departament de Pedagogia. Estudis d'Educació Social | ||
| 300 | |a 159 p. | ||
| 650 | |a NIÑOS | ||
| 650 | |a FAMILIA | ||
| 650 | |a JUVENTUD | ||
| 650 | |a CONFLICTOS SOCIALES | ||
| 650 | |a TRABAJO DE MENORES | ||
| 650 | |a DROGAS ILICITAS | ||
| 650 | |a NIÑOS DE LA CALLE | ||
| 650 | |a ESTUDIOS DE CASOS | ||
| 650 | |a EDUCACION | ||
| 650 | |a SOCIALIZACION | ||
| 650 | |a POLITICA GUBERNAMENTAL | ||
| 650 | |a MADRES | ||
| 650 | |a PADRES | ||
| 650 | |a COMPOSICION FAMILIAR | ||
| 999 | |c 1991 |d 1991 | ||
